000 01124nam a22002297a 4500
003 OSt
005 20260223080300.0
008 260223b |||||||| |||| 00| 0 eng d
020 _a9780316067959
040 _aDWCL GS lib
_cOC
082 _2[First edition]
_aFic. P317m 2005
100 _aPatterson, James
245 _aMAXIMUM RIDE :
_bTHE ANGEL EXPERIMENT /
_cJames Patterson
260 _aUnited States
_bLittle, Brown
_cc2005.
300 _avii, 422 pages:
_billustrations ;
_c23cm.
520 _aMaximum Ride: The Angel Experiment, the first novel in James Patterson's series, follows 14-year-old Max and her "flock"—Fang, Iggy, Nudge, the Gasman, and Angel—who are 98% human and 2% avian, possessing wings and special abilities. After escaping "The School" where they were raised in cages, the flock is hunted by Erasers, wolf-human hybrids. The plot hinges on rescuing the youngest member, Angel, who is recaptured and taken back to the lab.
546 _aEnglish
650 _aYoung adult fiction
650 _ascience fiction
700 _aJames Patterson
942 _2ddc
_cFIC.
_eFirst edition
_hFic.
_n0
999 _c8497
_d8497